00350nam a2200121Ia 4500008004100000082001400041100003700055245002700092260004800119300000700167630002700174730002700201100122s9999 xx 000 0 und d b1613a823 aगुर्जर वि सी aहिरक वलय bप्रकाशक शोधणेc1924 a55 aहिरक वलय aहिरक वलय